El búho que no podía ulular /

Na minha lista:
Detalhes bibliográficos
Autor principal: Fisher, Robert (autor)
Outros Autores: Kelly, Beth (autor) (autor)
Formato: Livro
Idioma:espanhol
Publicado em: Barcelona, España : Obelisco, 1999, c1999
Edição:3a edición
Colecção:(Nueva Consciencia)
Assuntos:
Tags: Adicionar Tag
Sem tags, seja o primeiro a adicionar uma tag!

MARC

LEADER 00000nam^a2200000^a^4500
001 000391227
005 20250521000000.0
009 20260310121210.264
020 |a 84-7720-685-6 
037 |a Acervo Xavier Clavigero 
041 |a ESP 
082 |a 158. 1  |b FIS 
100 |a Fisher, Robert  |e (autor) 
245 1 3 |a El búho que no podía ulular /  |c R. Fisher, B. Kelly ; tr. por Verónica d’Ornellas. 
250 |a 3a edición 
264 4 |a Barcelona, España :  |b Obelisco,  |c 1999, c1999 
300 |a 99 p. 
336 |a texto  |b txt  |2 rdacontenido 
337 |a sin mediación  |b n  |2 rdamedio 
338 |a volumen  |b nc  |2 rdasoporte 
440 1 |a (Nueva Consciencia) 
500 |a Traducción de: The Owl Who Didn't Give a Hoot 
561 |a Obra autografiada por Brígida para Javier 
649 |a XX 
650 |a Adultos -  |x Condiciones Psicológicas -  |x Tema Principal 
650 |a Yo (Psicoanálisis) -  |x Tema Principal 
650 |a Madurez 
650 |a Solución de Problemas 
650 |a Desarrollo Emocional 
650 |a Desarrollo Humano 
650 |a Superación Personal y Autoayuda -  |x Tema Principal 
650 |a Psicología Clínica 
650 |a Cuentos Norteamericanos 
650 |a Literatura Norteamericana -  |y Siglo XX 
700 |a Kelly, Beth  |e (autor) 
910 |a Fondo General 
920 |a Impresos - Libros 
930 |a Colección General 
905 |a 101 
901 |a 0500286198  |b IT1  |c ACC  |i FXC D2544  |u 20250521 
902 |a https://opac.biblio.iteso.mx/vufind/Record/000391227